000 00790nam a22002417a 4500
999 _c998
_d998
003 AR-CdUCM
008 190226b ||||| |||| 00| 0 spa d
040 _aMUNICIPALIDAD PROVINCIAL DEL CUSCO
_cBIBLIOTECA MUNICIPAL DEL CUSCO
041 _heng
082 _a909.2 /
_bK77
100 _aKosminsky, Eugenii A.
_93886
245 _aHistoria de la edad media /
260 _aArgentina :
_bEditorial futuro S.R.L,
_c1962.
300 _a310 páginas ;
_c20 cm.
505 _aEdad media temprana -- Europa y Asia de los siglos XI a XV -- Edad media tardía ...
650 _aRevolución inglesa.
_93887
650 _aEdad media.
_9454
650 _aEuropa.
_91221
650 _aAsia.
_93888
700 _aFilatov, Olga (traducción)
_93889
942 _2ddc
_cLIBROS
945 _amvr
_d2019-02-26